Edouard Vaillant : L'invention de la gauche (notice n° 1925601)

détails MARC
000 -LEADER
fixed length control field 01723cam a2200133 4500500
005 - DATE AND TIME OF LATEST TRANSACTION
control field 20260329023224.0
041 ## - LANGUAGE CODE
Language code of text/sound track or separate title fre
042 ## - AUTHENTICATION CODE
Authentication code dc
100 10 - MAIN ENTRY--PERSONAL NAME
Personal name Candar, Gilles
Relator term author
245 00 - TITLE STATEMENT
Title Edouard Vaillant : L'invention de la gauche
260 ## - PUBLICATION, DISTRIBUTION, ETC.
Name of publisher, distributor, etc. Armand Colin,<br/>
Date of publication, distribution, etc. 2018.<br/>
520 ## - SUMMARY, ETC.
Summary, etc. Intellectuel révolutionnaire, Vaillant adhère à l’Association internationale des Travailleurs et devient un des principaux organisateurs de la Commune de Paris (1871), chargé notamment de l’éducation et de la culture. Exilé à Londres, ami sans suivisme de Marx et d’Engels, il anime avec les partisans de Blanqui la Commune révolutionnaire. De retour en France, il s’impose comme le troisième homme du socialisme français avec Jaurès et Guesde. Député de Paris tout en conservant de fortes attaches dans le Berry, artisan de l’unité socialiste et « grand-père de la CGT », il préconise une « action totale » du mouvement ouvrier. Anticolonialiste, prêt à la grève révolutionnaire simultanée en cas de danger de guerre, il est convaincu en 1914 de la nécessité de la défense nationale. Dirigeant historique de la gauche française, Vaillant en façonne des caractéristiques essentielles pour plus d’un siècle : discours révolutionnaire au service d’une action politique dans le cadre républicain, réforme parlementaire et refus de la participation ministérielle, primat de l’éducation et de la laïcité, volontiers anticléricale, autonomie du parti, du syndicat et des coopératives, antimilitarisme et internationalisme complémentaires d’un patriotisme assumé.
856 41 - ELECTRONIC LOCATION AND ACCESS
Uniform Resource Identifier <a href="https://shs.cairn.info/edouard-vaillant--9782200287474?lang=fr&redirect-ssocas=7080">https://shs.cairn.info/edouard-vaillant--9782200287474?lang=fr&redirect-ssocas=7080</a>

Pas d'exemplaire disponible.

PLUDOC

PLUDOC est la plateforme unique et centralisée de gestion des bibliothèques physiques et numériques de Guinée administré par le CEDUST. Elle est la plus grande base de données de ressources documentaires pour les Étudiants, Enseignants chercheurs et Chercheurs de Guinée.

Adresse

627 919 101/664 919 101

25 boulevard du commerce
Kaloum, Conakry, Guinée

Réseaux sociaux

Powered by Netsen Group @ 2025